The gospel and the mind : (Record no. 21511)

MARC details
000 -LEADER
fixed length control field 01579cam a2200373 a 4500
001 - CONTROL NUMBER
control field 16231822
003 - CONTROL NUMBER IDENTIFIER
control field OSt
005 - DATE AND TIME OF LATEST TRANSACTION
control field 20260317094013.0
008 - FIXED-LENGTH DATA ELEMENTS--GENERAL INFORMATION
fixed length control field 100513s2010 ilu b 001 0 eng
010 ## - LIBRARY OF CONGRESS CONTROL NUMBER
LC control number 2010019843
020 ## - INTERNATIONAL STANDARD BOOK NUMBER
International Standard Book Number 9781433514425
Qualifying information tp
020 ## - INTERNATIONAL STANDARD BOOK NUMBER
International Standard Book Number 1433514427
Qualifying information tp
035 ## - SYSTEM CONTROL NUMBER
System control number 16231822
035 ## - SYSTEM CONTROL NUMBER
System control number (OCoLC)515436092
040 ## - CATALOGING SOURCE
Original cataloging agency DLC
Transcribing agency DLC
Modifying agency BTCTA
-- CDC
-- DTM
-- CDX
-- DLC
042 ## - AUTHENTICATION CODE
Authentication code pcc
050 00 - LIBRARY OF CONGRESS CALL NUMBER
Classification number BV4598.4
Item number .G74 2010
082 00 - DEWEY DECIMAL CLASSIFICATION NUMBER
Classification number 234.01
Edition number 22
100 1# - MAIN ENTRY--PERSONAL NAME
Personal name Green, Bradley G.,
Dates associated with a name 1965-
245 14 - TITLE STATEMENT
Title The gospel and the mind :
Remainder of title recovering and shaping the intellectual life /
Statement of responsibility, etc. Bradley G. Green.
260 ## - PUBLICATION, DISTRIBUTION, ETC. (IMPRINT)
Place of publication, distribution, etc. Wheaton, Ill. :
Name of publisher, distributor, etc. Crossway,
Date of publication, distribution, etc. c2010.
300 ## - PHYSICAL DESCRIPTION
Extent 192 p. ;
Dimensions 22 cm.
336 ## - CONTENT TYPE
Content type term text
Content type code txt
Source rdacontent
337 ## - MEDIA TYPE
Media type term unmediated
Media type code n
Source rdamedia
338 ## - CARRIER TYPE
Carrier type term volume
Carrier type code nc
Source rdacarrier
504 ## - BIBLIOGRAPHY, ETC. NOTE
Bibliography, etc Includes bibliographical references and indexes.
505 0# - FORMATTED CONTENTS NOTE
Formatted contents note Creation and the importance of the past -- The centrality of a telos to all things -- Understanding and the cross -- Words, language, and modern culture -- Toward a Christian understanding of words -- The moral nature of knowledge and the human heart.
650 #0 - SUBJECT ADDED ENTRY--TOPICAL TERM
Topical term or geographic name as entry element Thought and thinking
General subdivision Religious aspects
-- Christianity.
650 #0 - SUBJECT ADDED ENTRY--TOPICAL TERM
Topical term or geographic name as entry element Intellect
General subdivision Religious aspects
-- Christianity.
906 ## - LOCAL DATA ELEMENT F, LDF (RLIN)
a 7
b cbc
c orignew
d 1
e ecip
f 20
g y-gencatlg
942 ## - ADDED ENTRY ELEMENTS (KOHA)
Source of classification or shelving scheme Library of Congress Classification
Koha item type General Collection
Holdings
Withdrawn status Lost status Source of classification or shelving scheme Not for loan Home library Current library Shelving location Date acquired Source of acquisition Inventory number Total Checkouts Full call number Barcode Date last seen Copy number Price effective from Koha item type
    Library of Congress Classification   Kabarak, Main Campus Kabarak, Main Campus General Stacks 17/03/2026 Donation 2025/3371   BV4598.4 .G74 2010 C.1 38596 17/03/2026 C.1 17/03/2026 General Collection
Designed with assistance from East African Informatics Ltd